[Event "Sitges op"]
[Site "Sitges"]
[Date "1995.??.??"]
[Round "2"]
[White "Medina, Carrillo Guilleromo"]
[Black "Luetke, Jens"]
[Result "0-1"]
[WhiteElo "2125"]
[BlackElo "2310"]
[PlyCount "62"]
[EventDate "1995.??.??"]
[EventType "swiss"]
[EventRounds "9"]
[EventCountry "ESP"]
[SourceTitle "EXT 1997"]
[Source "ChessBase"]
[SourceDate "1996.11.15"]
[SourceVersion "1"]
[SourceVersionDate "1996.11.15"]
[SourceQuality "1"]

1. d4 d5 2. c4 e6 3. g3 c6 4. Bg2 f5 5. Nf3 Nf6 6. 0-0 Bd6 7. Bg5 0-0 8. Qc2 h6 9. Bxf6 Qxf6 10. Rd1 g5 11. Qc3 a5 12. Ne5 b5 13. c5 b4 14. Qe3 f4 15. gxf4 gxf4 16. Qh3 Bxe5 17. dxe5 Qxe5 18. Qxh6 Ra7 19. Nd2 Rh7 20. Qg6+ Rg7 21. Nf3 Qxb2 22. Qh5 Nd7 23. Nd4 Nf6 24. Qf3 e5 25. Nxc6 Bg4 26. Qb3 Qxb3 27. axb3 Bh3 28. Ne7+ Kf7 29. Rd3 Rxg2+ 30. Kh1 Kxe7 31. Rxh3 Rfg8 0-1

[Event "Mexico City op"]
[Site "Mexico City"]
[Date "1991.??.??"]
[Round "8"]
[White "Pein, Malcolm"]
[Black "Medina, Carrillo Guilleromo"]
[Result "1-0"]
[WhiteElo "2440"]
[BlackElo "2295"]
[PlyCount "73"]
[EventDate "1991.07.??"]
[EventType "swiss"]
[EventRounds "11"]
[EventCountry "MEX"]
[SourceTitle "TD"]
[Source "ChessBase"]
[SourceDate "1994.03.01"]
[SourceVersion "1"]
[SourceVersionDate "1994.03.01"]
[SourceQuality "1"]

1. Nf3 Nf6 2. c4 g6 3. Nc3 Bg7 4. e4 d6 5. d4 0-0 6. Be2 e5 7. 0-0 Nc6 8. d5 Ne7 9. Nd2 Ne8 10. b4 f5 11. c5 Nf6 12. f3 f4 13. Nc4 g5 14. Bb2 Kh8 15. Rc1 Neg8 16. b5 b6 17. cxd6 cxd6 18. a4 h5 19. Ba3 Ne8 20. a5 Nh6 21. axb6 axb6 22. Na4 Rb8 23. Ncxb6 Bb7 24. Nc4 Rf6 25. b6 Ra8 26. Bb4 Ra6 27. Kh1 Rg6 28. Na5 Rxa5 29. Bxa5 g4 30. Rc7 Nxc7 31. bxc7 Qh4 32. Nb6 g3 33. h3 Nf7 34. c8Q+ Bxc8 35. Nxc8 Ng5 36. Ne7 Rf6 37. Bd8 1-0